000 00339 a2200157 4500
001 159372
020 _a
040 _cMagnum
100 _aEd. Abril
240 1 0 _aRevista recreio : mes de agosto
_lpor
245 1 0 _aRevista recreio : mes de agosto
362 0 _a1899
440 1 _aAbril
697 _aMAGNITO: J/GERAL
942 _cBK
999 _c159372
_d159372